[Event "Plovdiv Tringov Memorial 36th"]
[Site "Plovdiv"]
[Date "2014.02.04"]
[Round "3"]
[White "Ibryamov, Ilhan"]
[Black "Filev, Georgi"]
[Result "0-1"]
[WhiteElo "2116"]
[BlackElo "2338"]
[PlyCount "106"]
[EventDate "2014.02.02"]
[EventType "swiss"]
[EventRounds "9"]
[EventCountry "BUL"]
[SourceTitle "CBM 158 Extra"]
[Source "ChessBase"]
[SourceDate "2014.02.28"]
[SourceVersion "1"]
[SourceVersionDate "2014.02.28"]
[SourceQuality "1"]

1. d4 e6 2. Nf3 b6 3. c4 Bb7 4. Nc3 Bb4 5. Bd2 f5 6. e3 Nf6 7. g3 0-0 8. Bg2 Bxc3 9. Bxc3 Ne4 10. Rc1 d6 11. 0-0 Nd7 12. Nd2 Nxd2 13. Qxd2 Bxg2 14. Kxg2 Nf6 15. f3 Qd7 16. b3 a5 17. a4 Qf7 18. Bb2 Rad8 19. Qc2 Rfe8 20. Rcd1 d5 21. c5 Rb8 22. Rd3 b5 23. Bc3 b4 24. Bb2 c6 25. Qe2 Qh5 26. h3 g5 27. Rh1 Qg6 28. Rdd1 Ra8 29. Qd3 Kf7 30. Rdf1 Ke7 31. Rf2 Rg8 32. Kf1 Rg7 33. Rg2 h5 34. Qc2 g4 35. hxg4 hxg4 36. f4 Ne4 37. Bc1 Rh7 38. Rhg1 Rh3 39. Bd2 Qh5 40. Be1 Kd7 41. Qe2 Kc7 42. Qc2 Rh8 43. Qd3 Kb7 44. Qe2 Qe8 45. Bf2 R8h7 46. Be1 Qh8 47. Bf2 Nc3 48. Qc2 Rh2 49. Be1 Rxg2 50. Rxg2 Rh1+ 51. Rg1 Rh2 52. Rg2 Qh3 53. Bxc3 Rxg2 0-1

[Event "Golden Sands Europe op 1st"]
[Site "Golden Sands"]
[Date "2012.06.11"]
[Round "8"]
[White "Kanmazalp, Ogulcan"]
[Black "Ibryamov, Ilhan"]
[Result "1/2-1/2"]
[WhiteElo "2379"]
[BlackElo "2142"]
[PlyCount "112"]
[EventDate "2012.06.04"]
[EventType "swiss"]
[EventRounds "9"]
[EventCountry "BUL"]
[SourceTitle "CBM 148 Extra"]
[Source "ChessBase"]
[SourceDate "2012.06.22"]
[SourceVersion "1"]
[SourceVersionDate "2012.06.22"]
[SourceQuality "1"]

1. e4 e5 2. Nf3 Nc6 3. Bb5 a6 4. Ba4 Nf6 5. 0-0 Be7 6. Qe2 b5 7. Bb3 d6 8. c3 Na5 9. Bc2 c5 10. Rd1 Qc7 11. d3 0-0 12. Nbd2 Re8 13. Nf1 Nc6 14. Ng3 d5 15. h3 d4 16. cxd4 Nxd4 17. Nxd4 cxd4 18. Bb3 a5 19. Bg5 a4 20. Bxf6 axb3 21. Bxe7 Qxe7 22. axb3 Be6 23. Qd2 g6 24. Ra5 Bxb3 25. Rc1 Rab8 26. Ra6 Rec8 27. Rac6 Rxc6 28. Rxc6 Qd7 29. Rc1 Rc8 30. Rxc8+ Qxc8 31. Qb4 Qc1+ 32. Kh2 Qxb2 33. Qxb5 f6 34. Qb8+ Kg7 35. Qb7+ Kg8 36. h4 h5 37. Qb8+ Kg7 38. f4 exf4 39. Qxf4 Bf7 40. e5 Qb6 41. Ne4 f5 42. Nd6 Qc5 43. Kh3 Qd5 44. Nc4 Qc5 45. Nd6 Qd5 46. Nc8 Qb7 47. Qxd4 Qxc8 48. e6+ Kf8 49. Qd6+ Ke8 50. exf7+ Kxf7 51. Qd5+ Kg7 52. Qe5+ Kf7 53. d4 f4+ 54. Kh2 Qg4 55. Qc7+ Kf8 56. Qd8+ Kf7 1/2-1/2

[Event "Golden Sands Europe op 1st"]
[Site "Golden Sands"]
[Date "2012.06.10"]
[Round "7"]
[White "Ibryamov, Ilhan"]
[Black "Todorov, Ognjan"]
[Result "1/2-1/2"]
[WhiteElo "2142"]
[BlackElo "2305"]
[PlyCount "243"]
[EventDate "2012.06.04"]
[EventType "swiss"]
[EventRounds "9"]
[EventCountry "BUL"]
[SourceTitle "CBM 148 Extra"]
[Source "ChessBase"]
[SourceDate "2012.06.22"]
[SourceVersion "1"]
[SourceVersionDate "2012.06.22"]
[SourceQuality "1"]

1. d4 Nf6 2. Nf3 g6 3. c4 c5 4. d5 Bg7 5. Nc3 d6 6. e3 0-0 7. Be2 e6 8. 0-0 exd5 9. cxd5 Re8 10. Qc2 Bf5 11. Bd3 Bxd3 12. Qxd3 Na6 13. a3 Rc8 14. Qc4 Nd7 15. e4 Nb6 16. Qd3 c4 17. Qc2 Nc5 18. Re1 Nd3 19. Re2 Nd7 20. Rb1 N7c5 21. Nd2 Nf4 22. Re3 Ncd3 23. Nf3 Nxc1 24. Rxc1 Nd3 25. Rb1 Qa5 26. Nd2 b5 27. Nf3 Qb6 28. g3 a5 29. Ne1 b4 30. axb4 axb4 31. Na4 Nxe1 32. Rbxe1 Qb5 33. b3 c3 34. Kg2 Re7 35. Qe2 Qb7 36. Qc2 Rce8 37. Qd3 Ra8 38. Ra1 Rc7 39. Qc2 f5 40. f3 fxe4 41. fxe4 Rf7 42. Ra2 Raf8 43. Qd3 Be5 44. Ree2 Rf1 45. Rf2 R8xf2+ 46. Rxf2 Rxf2+ 47. Kxf2 Qa7+ 48. Kf1 Qc7 49. Qc2 Bd4 50. Ke2 Bg1 51. Nb2 Bxh2 52. Nd3 Qb6 53. Kf3 Qg1 54. Nxb4 Qxg3+ 55. Ke2 Bg1 56. Nd3 Qg2+ 57. Kd1 Qf1+ 58. Ne1 Bf2 59. Qxc3 Bxe1 60. Qxe1 Qd3+ 61. Kc1 Qxb3 62. Qh4 Qc3+ 63. Kd1 Qe5 64. Kd2 Kg7 65. Kd3 Qf6 66. Qg4 h5 67. Qd7+ Kh6 68. Qh3 g5 69. Kc4 Qe5 70. Kb5 Qxe4 71. Qe6+ Qg6 72. Kc6 h4 73. Qg4 Qf6 74. Qe6 Qxe6 75. dxe6 h3 76. e7 h2 77. e8Q h1Q+ 78. Kxd6 Qd1+ 79. Kc5 Qd3 80. Qh8+ Kg6 81. Qg8+ Kh5 82. Qh8+ Kg4 83. Qh2 Qf3 84. Qg1+ Kf4 85. Qh2+ Qg3 86. Qh6 Kf3 87. Kd4 Kg2 88. Qc6+ Qf3 89. Qg6 g4 90. Ke5 g3 91. Qc2+ Kf1 92. Kd6 g2 93. Qc1+ Kf2 94. Qd2+ Kg3 95. Qg5+ Kh2 96. Qd2 Qg3+ 97. Kc6 Kh1 98. Qd5 Qg6+ 99. Kb7 Kh2 100. Qe5+ Qg3 101. Qh5+ Kg1 102. Qd1+ Kh2 103. Qh5+ Qh3 104. Qe5+ Kh1 105. Qe4 Qg3 106. Qh7+ Qh2 107. Qe4 Qh5 108. Ka8 Kh2 109. Qf4+ Kh3 110. Qe3+ Kh2 111. Qf4+ Kh1 112. Qe4 Qa5+ 113. Kb7 Qb5+ 114. Ka8 Qh5 115. Kb7 Qf7+ 116. Ka8 Qa2+ 117. Kb7 Qf2 118. Qh7+ Kg1 119. Qe4 Qb2+ 120. Ka8 Qa2+ 121. Kb7 Kf2 122. Qf4+ 1/2-1/2

[Event "BUL-ch sf 76th"]
[Site "Plovdiv"]
[Date "2012.02.09"]
[Round "5"]
[White "Stankov, Apostol"]
[Black "Ibryamov, Ilhan"]
[Result "0-1"]
[WhiteElo "1916"]
[BlackElo "2115"]
[PlyCount "68"]
[EventDate "2012.02.06"]
[EventType "swiss"]
[EventRounds "9"]
[EventCountry "BUL"]
[SourceTitle "CBM 146 Extra"]
[Source "ChessBase"]
[SourceDate "2012.02.29"]
[SourceVersion "1"]
[SourceVersionDate "2012.02.29"]
[SourceQuality "1"]

1. e4 e5 2. Nf3 Nc6 3. Bb5 a6 4. Bxc6 dxc6 5. 0-0 Bd6 6. d4 Qe7 7. dxe5 Bxe5 8. Nxe5 Qxe5 9. Bd2 f6 10. Bc3 Qe7 11. Re1 Be6 12. e5 f5 13. a4 Nh6 14. Qh5+ Nf7 15. Nd2 g6 16. Qe2 0-0-0 17. b4 Rd5 18. Nb3 f4 19. Nc5 Ng5 20. Ne4 f3 21. gxf3 Nh3+ 22. Kh1 Qh4 23. Qe3 Kb8 24. Rf1 Rf8 25. Nf6 Nf4 26. Bd2 g5 27. Rg1 Rfd8 28. Nxd5 Bxd5 29. Rg3 Rf8 30. Rag1 Nh3 31. R1g2 h5 32. c4 Qxc4 33. Qc5 Qf1+ 34. Rg1 Bxf3+ 0-1

[Event "BUL-ch sf 76th"]
[Site "Plovdiv"]
[Date "2012.02.06"]
[Round "1"]
[White "Kukov, Velislav"]
[Black "Ibryamov, Ilhan"]
[Result "1-0"]
[WhiteElo "2414"]
[BlackElo "2115"]
[PlyCount "67"]
[EventDate "2012.02.06"]
[EventType "swiss"]
[EventRounds "9"]
[EventCountry "BUL"]
[SourceTitle "CBM 146 Extra"]
[Source "ChessBase"]
[SourceDate "2012.02.29"]
[SourceVersion "1"]
[SourceVersionDate "2012.02.29"]
[SourceQuality "1"]

1. Nf3 e6 2. c4 Nf6 3. g3 d5 4. Bg2 Be7 5. d4 0-0 6. Qc2 c6 7. 0-0 Nbd7 8. Nbd2 b6 9. e4 Bb7 10. e5 Ne8 11. cxd5 cxd5 12. Re1 b5 13. Nf1 a5 14. h4 g6 15. Bg5 Bxg5 16. hxg5 Rc8 17. Qd2 Ng7 18. Ne3 b4 19. Ng4 Qe7 20. Nf6+ Kh8 21. Qf4 Rfd8 22. Qh4 Nf8 23. g4 Rc2 24. Bf1 Rxb2 25. Bd3 h5 26. Kg2 Nf5 27. gxf5 exf5 28. Rh1 Kg7 29. Nxh5+ gxh5 30. Qxh5 Ng6 31. Qh6+ Kg8 32. Bxf5 Nf4+ 33. Kg3 Ne2+ 34. Kg4 1-0